[Event "Thessaloniki ESSTH HALK-ch U16 11th"]
[Site "Thessaloniki"]
[Date "2018.11.25"]
[Round "6.6"]
[White "Pehlivanidou, Kalypso"]
[Black "Terzidi, Natalia"]
[Result "1-0"]
[WhiteElo "1118"]
[BlackElo "1099"]
[PlyCount "139"]
[EventDate "2018.11.03"]
[EventType "swiss"]
[EventRounds "6"]
[EventCountry "GRE"]
[SourceTitle "EXT 2024"]
[Source "ChessBase"]
[SourceDate "2023.10.10"]
[SourceVersion "1"]
[SourceVersionDate "2023.10.10"]
[SourceQuality "1"]

1. d4 d5 2. c4 c6 3. Nc3 Nf6 4. Bf4 Bf5 5. Qb3 b6 6. e3 e6 7. Nf3 Bd6 8. Ne5 Bxe5 9. Bxe5 0-0 10. Be2 Ne4 11. Nxe4 Bxe4 12. Bd3 Bxd3 13. Qxd3 Re8 14. 0-0 c5 15. dxc5 bxc5 16. cxd5 Qxd5 17. Qc3 f6 18. Bg3 Qc6 19. Rac1 Na6 20. Qc4 Rac8 21. a3 Nb8 22. Rfd1 Qa6 23. Qb3 Qb6 24. Qc3 Red8 25. h3 Rxd1+ 26. Rxd1 Rd8 27. Rxd8+ Qxd8 28. Qxc5 Nd7 29. Qd6 Kf7 30. Qc7 Qxc7 31. Bxc7 Nc5 32. b4 Na4 33. Kf1 Ke7 34. b5 Nc3 35. b6 axb6 36. Bxb6 Kd6 37. Ba5 Nb5 38. Bb4+ Kc6 39. Ke2 Nc7 40. Kd3 Kb5 41. Kd4 Nd5 42. Bf8 g6 43. g3 Kc6 44. e4 Nc7 45. f4 h5 46. g4 hxg4 47. hxg4 Nb5+ 48. Kc4 Nd6+ 49. Bxd6 Kxd6 50. a4 Kc6 51. e5 f5 52. gxf5 gxf5 53. a5 Kb7 54. Kb5 Ka7 55. Kc6 Ka6 56. Kd6 Kxa5 57. Kxe6 Kb6 58. Kf7 Kc5 59. Kf6 Kc6 60. e6 Kd6 61. e7 Kd7 62. Kf7 Kd6 63. e8Q Kc7 64. Qe6 Kd8 65. Qe7+ Kc8 66. Ke6 Kb8 67. Qd7 Ka8 68. Kd6 Kb8 69. Kc6 Ka8 70. Qb7# 1-0

[Event "Thessaloniki ESSTH HALK-ch U16 11th"]
[Site "Thessaloniki"]
[Date "2018.11.04"]
[Round "2.6"]
[White "Pehlivanidou, Kalypso"]
[Black "Vasileiadi, Eleni"]
[Result "1-0"]
[WhiteElo "1118"]
[BlackElo "1211"]
[PlyCount "56"]
[EventDate "2018.11.03"]
[EventType "swiss"]
[EventRounds "6"]
[EventCountry "GRE"]
[SourceTitle "EXT 2024"]
[Source "ChessBase"]
[SourceDate "2023.10.10"]
[SourceVersion "1"]
[SourceVersionDate "2023.10.10"]
[SourceQuality "1"]

1. d4 Nf6 2. c4 d5 3. Nc3 g6 4. Nf3 Bg7 5. Bf4 0-0 6. e3 Bf5 7. Qb3 Qc8 8. cxd5 Nbd7 9. Rc1 Nb6 10. Nb5 Nbxd5 11. Nxc7 Nxf4 12. Nxa8 Qxa8 13. exf4 b6 14. Bc4 Ne4 15. Bd5 Qd8 16. 0-0 e6 17. Bxe4 Bxe4 18. Rfd1 Bd5 19. Qe3 Qe7 20. h3 Rd8 21. Ne5 Bxe5 22. dxe5 Kg7 23. a3 Kg8 24. Rd4 Kg7 25. Rd3 Kg8 26. Rdc3 Rd7 27. Qe2 Kg7 28. Qb5 Kg8 1-0

[Event "EThessaloniki SSTH HALK-ch U16"]
[Site "Thessaloniki"]
[Date "2017.11.19"]
[Round "5.6"]
[White "Pehlivanidou, Kalypso"]
[Black "Zagka, Theodora"]
[Result "1-0"]
[WhiteElo "1000"]
[BlackElo "1000"]
[PlyCount "65"]
[EventDate "2017.10.01"]
[EventType "swiss"]
[EventRounds "6"]
[EventCountry "GRE"]
[SourceTitle "EXT 2024"]
[Source "ChessBase"]
[SourceDate "2023.10.10"]
[SourceVersion "1"]
[SourceVersionDate "2023.10.10"]
[SourceQuality "1"]

1. d4 d5 2. Nf3 Nc6 3. Bf4 Nf6 4. Nbd2 Bf5 5. e3 e6 6. Be2 Bb4 7. c3 Ba5 8. 0-0 0-0 9. h3 Re8 10. Re1 Nh5 11. Bh2 Qf6 12. Ne5 Nxe5 13. Bxe5 Qg5 14. Bxh5 Bxh3 15. Bg3 e5 16. gxh3 Re6 17. Qg4 Qxg4 18. Bxg4 Rg6 19. f3 Re8 20. Kh2 f6 21. Bh5 Rh6 22. Bxe8 c6 23. Bd7 Bc7 24. Bc8 b6 25. Bb7 c5 26. Bxd5+ Kh8 27. Ne4 Rg6 28. Rg1 f5 29. Nd2 f4 30. exf4 exf4 31. Bh4 Rh6 32. Rae1 Rxh4 33. Re8# 1-0

[Event "EThessaloniki SSTH HALK-ch U16"]
[Site "Thessaloniki"]
[Date "2017.10.01"]
[Round "1.6"]
[White "Pehlivanidou, Kalypso"]
[Black "Tsiami, Despoina"]
[Result "1-0"]
[WhiteElo "1000"]
[BlackElo "1000"]
[PlyCount "85"]
[EventDate "2017.10.01"]
[EventType "swiss"]
[EventRounds "6"]
[EventCountry "GRE"]
[SourceTitle "EXT 2024"]
[Source "ChessBase"]
[SourceDate "2023.10.10"]
[SourceVersion "1"]
[SourceVersionDate "2023.10.10"]
[SourceQuality "1"]

1. d4 d5 2. Nf3 Nc6 3. Bf4 Bf5 4. e3 a6 5. c3 Nf6 6. Be2 e6 7. 0-0 Bd6 8. Ne5 Bxe5 9. Bxe5 0-0 10. Nd2 Ne4 11. Nxe4 Bxe4 12. Bg3 Qg5 13. Bd3 Bxd3 14. Qxd3 h6 15. Bxc7 Ne7 16. h3 Nf5 17. Bf4 Qg6 18. Rfe1 Rae8 19. Qc2 Qf6 20. Be5 Qg5 21. Bf4 Qf6 22. Qb3 Qg6 23. Reb1 Nh4 24. Bg3 Qe4 25. f3 Qxe3+ 26. Kh1 Qe2 27. Bxh4 e5 28. Re1 Qd3 29. Qxd5 Re6 30. Re4 Rg6 31. Rae1 Qd2 32. R4e2 Qf4 33. Be7 Qg3 34. Bxf8 Re6 35. Rxe5 Rxe5 36. Rxe5 Qf2 37. Kh2 Qxb2 38. Bb4 Qd2 39. Qe4 f6 40. Qd5+ Kh7 41. Qe4+ Kg8 42. Re8+ Kf7 43. Rf8# 1-0